Přeskočit na obsah

Организация расчетов с бюджетом и внебюджетными фондами: практикум

Практикум содержит задания для проведения практических занятий при изучении междисциплинарного курса МДК.03 Организация расчетов с бюджетом и внебюджетными фондами. Задания подобраны по темам, а внутри тем — по практическим заданиям. Практикум предназначен для студентов специальности 38.02.01 Эконом...

Celý popis

Uloženo v:
Podrobná bibliografie
Médium: Книга
Jazyk:Russian
Vydáno: пос. Караваево КГСХА 2020
On-line přístup:https://e.lanbook.com/book/171721
https://e.lanbook.com/img/cover/book/171721.jpg
Tagy: Přidat tag
Žádné tagy, Buďte první, kdo otaguje tento záznam!
LEADER 02122nam0a2200253 i 4500
001 171721
003 RuSpLAN
005 20221220174125.0
008 221220s2020 ru gs 000 0 rus
040 |a RuSpLAN 
041 0 |a rus 
044 |a ru 
080 |a 657.2 
084 |a 65.053  |2 rubbk 
245 0 0 |a Организация расчетов с бюджетом и внебюджетными фондами: практикум 
260 |a пос. Караваево  |b КГСХА  |c 2020 
300 |a 33 с. 
500 |a Рекомендовано методической комиссией экономического факультета в качестве практикума для контактной и самостоятельной работы студентов, обучающихся по программе подготовки специалистов среднего звена (СПО) специальности 38.02.01 Экономика и бухгалтерский учет (по отраслям) очной формы обучения 
504 |a Библиогр.: доступна в карточке книги, на сайте ЭБС Лань 
520 8 |a Практикум содержит задания для проведения практических занятий при изучении междисциплинарного курса МДК.03 Организация расчетов с бюджетом и внебюджетными фондами. Задания подобраны по темам, а внутри тем — по практическим заданиям. Практикум предназначен для студентов специальности 38.02.01 Экономика и бухгалтерский учет (по отраслям) очной формы обучения. 
521 8 |a Книга из коллекции КГСХА - Экономика и менеджмент 
856 4 |u https://e.lanbook.com/book/171721 
856 4 8 |u https://e.lanbook.com/img/cover/book/171721.jpg 
953 |a https://e.lanbook.com/img/cover/book/171721.jpg